| АИС "Историко-культурное наследие Беларуси" | ||
| Базовый | Расширенный | Профессиональный | Словарь персоналий | Тематический словарь | По видам объектов | История запросов Заказы | Регистрация | |
Запись в MARC-формате
| копировать MARC-запись |
=LDR 00000nx\\c2200241\\\45\\
=001 BY-NLB-ar4579189
=005 20160330095634.7
=100 \\$a20111114abely50\\\\\\ca0
=152 \\$apsbo
=160 \\$ae-bw
=215 \\$aКасцёл Найсвяцейшай Тройцы (Гервяты, аграгарадок; Астравецкі раён)
=300 1\$aПомнік архітэктуры неаготыкі. Пабудаваны ў 1899–1903 гг. на сродкі князя Альшэўскага паводле праекта архітэктара А. І. Альшалоўскага на месцы драўлянага касцёла святога Яна Хрысціцеля 1526 г.
=356 \\$aЗнаходзіцца ў цэнтры аг. Гервяты Астравецкага раёна Гродзенскай вобласці.
=415 \\$aГервяцкі Троіцкі касцёл
=415 \\$aГервяцкі касцёл Прасвятой Тройцы
=415 \\$aКасцёл Прасвятой Тройцы (Гервяты, аграгарадок; Астравецкі раён)
=515 \\$5w$3BY-NLB-ar4578539$aКостел Наисвятейшей Троицы (Гервяты, агрогородок; Островецкий район)
=801 \0$aBY$bBY-HM0000$c20111114
=810 \\$aКаталіцкія храмы Беларусі / А. М. Кулагін. — Мінск, 2008.
=810 \\$aКаталіцкія храмы на Беларусі : энцыклапедычны даведнік / А. М. Кулагін. — Мінск, 2000.
=810 \\$aБеларуская энцыклапедыя. У 18 т. Т. 5. — Мінск, 1997.
=999 \\$f1829$t20111114
=999 \\$h40$t20111207
Чтобы вернуться назад, щелкните кнопку BACK на Вашем браузере